书目信息 |
| 题名: |
海南
|
|
| 作者: | 陈志远 主编 ;海南省 编 | |
| 分册: | ||
| 出版信息: | 北京 外文出版社 2005.07 |
|
| 页数: | 277页, [2] 页图版 | |
| 开本: | 24cm | |
| 丛书名: | 全景中国 | |
| 单 册: | ||
| 中图分类: | K926.6 | |
| 科图分类: | ||
| 主题词: | ||
| 电子资源: | ||
| ISBN: | 7-119-04094-4 | |
| 000 | 00994nam 2200289 450 | |
| 001 | 012008526250 | |
| 005 | 20080902090523.37 | |
| 010 | @a7-119-04094-4@dCNY78.00 | |
| 100 | @a20080902d2005 em y0chiy0120 ea | |
| 101 | 0 | @achi |
| 102 | @aCN@b110000 | |
| 105 | @aabf z 000yy | |
| 106 | @ar | |
| 200 | 1 | @a海南@Ahai nan@e南中国海的天堂岛 |
| 210 | @a北京@c外文出版社@d2005.07 | |
| 215 | @a277页, [2] 页图版@c彩图, 地图@d24cm | |
| 225 | 2 | @a全景中国@Aquan jing zhong guo |
| 314 | @a责任者取自版权页 | |
| 330 | @a本书图文并茂地介绍了中国最大的经济特区海南岛,介绍了三亚、海南原住民及其传统文化、海南移民及其多元文化、海南的观光度假及美食等等。 | |
| 410 | 0 | @12001 @a全景中国 |
| 517 | 1 | @a南中国海的天堂岛@Anan zhong guo hai de tian tang dao |
| 607 | @a海南省@Ahai nan sheng@x概况 | |
| 690 | @aK926.6@v4 | |
| 701 | 0 | @a陈志远@Achen zhi yuan@4主编 |
| 712 | 02 | @a海南省@Ahai nan sheng@b人民政府@b新闻办公室@4编 |
| 801 | 0 | @aCN@bQSSK@c20080902 |
| 905 | @b734819-20@dK926.6@eC658@f2 | |
| 海南:南中国海的天堂岛.-北京:外文出版社,2005.07 |
| 277页, [2] 页图版:彩图, 地图;24cm.-(全景中国) |
| ISBN 7-119-04094-4:CNY78.00 |
| 本书图文并茂地介绍了中国最大的经济特区海南岛,介绍了三亚、海南原住民及其传统文化、海南移民及其多元文化、海南的观光度假及美食等等。 |
| ● |
| 相关链接 |
|
|
|
正题名:海南
索取号:K926.6/C658
 
预约/预借
| 序号 | 登录号 | 条形码 | 馆藏地/架位号 | 状态 | 备注 |
| 1 | 734819 | 207348191 | 社科库309/309社科库 15排1列2层/ [索取号:K926.6/C658] | 在馆 | |
| 2 | 734820 | 207348208 | 社科库309/309社科库 15排1列2层/ [索取号:K926.6/C658] | 在馆 |